Frontières de la Guinée. - Statistiques

Statistiques générales
  • Ce quiz a été pris 427 fois
  • Le résultat moyen est 6 sur 6
Statistiques - réponses
Longueur Pays frontalier % Correct
868 km Mali
97%
610 km Côte d'Ivoire
96%
330 km Sénégal
96%
386 km Guinée-Bissau
95%
563 km Liberia
93%
652 km Sierra Leone
91%
Aucun quiz correspondant
Distribution des résultats
% des personnes avec chaque résultat
Percentile par nombre de réponses
Votre historique - résultats
Vous n’avez pas pris ce quiz